000 00445cam a22001814a 4500
005 20250605163447.0
008 250528s ||||||||||||||||||||||||d
035 _a19702
020 _a9608731277
040 _aGR-AtMCL
_bgre
_dGR-AtMCL
_eAACR2
245 1 _aΔΡΟΜΟΙ ΤΟΥ ΚΩΜΙΚΟΥ
250 _a1
260 _bΔικτυο
_bΣυλλογικο,
_c2004
300 _a58
942 _cBK
999 _c4958
_d4958